Statistiques concernant Focus sur: Yavanna - Tolkien

Cliquez ici pour prendre le quiz!

Statistiques générales

  • Ce quiz a été pris 11 fois
  • Le résultat moyen est 4 sur 8

Statistiques - réponses

Informations recherchéesRéponses% Correct
Première apparitionLe Silmarillion
100%
EspèceValië
100%
ContréeValinor
100%
Espèce crééePlantes
67%
EpouxAulë
56%
SoeurVána
11%
Autres nomsKementári
0%
Palúrien
0%

Distribution des résultats

Percentile par nombre de réponses

% des personnes avec chaque résultat

Votre développement - résultats

Vous n’avez pas pris ce quiz